| 000 | 00878nam a22001337a 4500 | ||
|---|---|---|---|
| 040 | _cRUA | ||
| 082 | _aFOR NOU 1999 B125 Or.1 | ||
| 100 | _aNOU, NETRA. | ||
| 245 | _aStudy of silviculre knowledge carried out by monk communities in kbal koh and ampor phal pagodas in koh dach communce muk kompoul district kandal province, ការសិក្សាចំណេះដឹងរុក្ខវប្បកម្មអនុវត្តដោយសហគមន៏ព្រះសង្ឃនៅប្រជុំវត្តក្បាលកោះ និងវត្តអម្ពរផលនៅខុំកោះដាច់ស្រុកមុខកំពូលខេត្តកណ្តាល | ||
| 260 |
_aPhnom Penh _bRUA _c1999 |
||
| 300 |
_a50p. _bill. _c29cm. |
||
| 856 | _uhttps://drive.google.com/file/d/1I8PrWUEY0SK_0K9HUCxJW6-UcYeHwu28/view?usp=sharing | ||
| 942 | _cFOR | ||
| 999 |
_c3182 _d3182 |
||